000 00224nam a2200097Ia 4500
008 170619s9999 xx 000 0 und d
100 _aSingh Sadhu
245 0 _aTheory of mechanics
260 _bSingapoore: Pearson
260 _c2002
546 _aENGLISH
999 _c17001
_d17001